000 00787nam a2200265 i 4500
001 32925
003 BD-RjUL
005 20211209051921.0
008 140429s1968 pk 00110 eng d
035 _a(BD-RjUL)33015
035 _a(BD-RjUL)
040 _aBD-RjUL
_beng
_cBD-RjUL
041 _aeng
082 _a909.097671
_bALS 1968
100 1 _aAli, Syed Ameer,
_d1849-1928.
_955192
245 1 0 _aSyed Ameer Ali on Islamic history and culture /
_cEdited by Syed Razi Wasti.
260 0 _aLahore :
_bPeople's Pub. House,
_c1968.
300 _a271p. ;
_c23cm.
504 _aIncludes index.
650 0 _aIslamic civilization.
_9100083
650 0 _aIslam
_xHistory.
_9100084
700 1 0 _aWasti, Syed Razi,
_979106
740 0 0 _aIslamic history and culture.
942 _2ddc
_cBK
_08
999 _c32925
_d32925